Elementary principles of chemical processes (Record no. 25348)

000 -LEADER
fixed length control field 00647nam a2200217 a 4500
001 - CONTROL NUMBER
control field 25348
003 - CONTROL NUMBER IDENTIFIER
control field BD-DhUET
008 - FIXED-LENGTH DATA ELEMENTS--GENERAL INFORMATION
fixed length control field 850517s1986 nyua b 001 0 eng
040 ## - CATALOGING SOURCE
Original cataloging agency DLC
Transcribing agency DLC
Modifying agency BD-DhUET
082 00 - DEWEY DECIMAL CLASSIFICATION NUMBER
Classification number 660.284
Item number FEL/1986
100 ## - MAIN ENTRY--PERSONAL NAME
Personal name Felder, Richard M.
245 10 - TITLE STATEMENT
Title Elementary principles of chemical processes
250 ## - EDITION STATEMENT
Edition statement 2nd ed.
260 ## - PUBLICATION, DISTRIBUTION, ETC. (IMPRINT)
Place of publication, distribution, etc. New York
Name of publisher, distributor, etc. John Wiley & Sons
Date of publication, distribution, etc. 1986
300 ## - PHYSICAL DESCRIPTION
Extent xix, 668 p.
Other physical details ill.
Dimensions 25 cm.
490 ## - SERIES STATEMENT
Series statement Wiley series in chemical engineering
504 ## - BIBLIOGRAPHY, ETC. NOTE
Bibliography, etc Includes bibliographies
650 #0 - SUBJECT ADDED ENTRY--TOPICAL TERM
Topical term or geographic name as entry element Chemical processes, Pressure, Temperature, Energy
700 ## - ADDED ENTRY--PERSONAL NAME
Personal name Rousseau, Ronald W.
942 ## - ADDED ENTRY ELEMENTS (KOHA)
Koha item type General Book
Holdings
Price effective from Withdrawn status Koha item type Copy number Koha normalized classification for sorting Date acquired Koha full call number Koha date last seen Lost status Not for loan Source of classification or shelving scheme Piece designation (barcode) Koha date last borrowed Koha issues (times borrowed) Shelving location Damaged status Sublocation or collection (holding branch) Location (home branch)
2015-05-14 General Book1660_284000000000000_FEL_19862015-05-14660.284/FEL/19862022-11-22   705532022-11-211Circulation section Central Library, BUETCentral Library, BUET
2015-05-14 General Book2660_284000000000000_FEL_19862015-05-14660.284/FEL/19862017-12-13   705522017-10-161Circulation section Central Library, BUETCentral Library, BUET
2015-06-20 Reading Item3660_284000000000000_FEL_19862015-06-20660.284/FEL/19862015-06-20   68089  Reading section Central Library, BUETCentral Library, BUET
2015-06-20 Reading Item4660_284000000000000_FEL_19862015-06-20660.284/FEL/19862015-06-20   68090  Reading section Central Library, BUETCentral Library, BUET
2015-06-20 Reading Item5660_284000000000000_FEL_19862015-06-20660.284/FEL/19862015-06-20   68092  Reading section Central Library, BUETCentral Library, BUET
2015-06-30 Reading Item6660_284000000000000_FEL_19862015-06-30660.284/FEL/19862015-06-30   68091  Reading section Central Library, BUETCentral Library, BUET